| 000 | 00401nam a2200181Ia 4500 | ||
|---|---|---|---|
| 003 | 0100 | ||
| 008 | 130303s9999 xx 000 0 und d | ||
| 040 | _cARRUPELIB | ||
| 050 | _aBS1430.2.S23 | ||
| 100 | _aSabourin, Leopold | ||
| 245 | 4 | _aThe Psalms | |
| 245 | _btheir origin and meaning | ||
| 260 | _aStaten Island NY | ||
| 260 | _bAlba House | ||
| 260 | _C1969 | ||
| 300 | _a2v. | ||
| 942 | 0 | 0 | _03 |
| 999 |
_c35031 _d35031 |
||